000 00861nam a2200193 a 4500
005 20140414093842.0
008 090108s19uu xx uuu eng d
020 _a978-1-906345-05-1
050 _aCDR 370.1
_bEXT 2008
100 _aInternational Baccalaureat Organization
245 _a50 excellent extended essays (2008). /
_cInternational Baccalaureate Organization.
260 _a[S.l.] :
_bIBO,
_c2008.
300 _a1 CDR,
520 _aThis CD-Rom includes essays in the following subjects: English a1, English B, Economics, Geography, history, Information technology in a global society, Philosophy, Psychology, Social and cultural anthropology, Biology, Chemistry, physics, Mathematics, Music, Visual arts, Politics, World religions.
650 _aExtended essays.
650 _aInternational Baccalaureate.
942 _cAVM
999 _c109370
_d109370